| 000 | 01273nam a2200313 c 4500 | ||
|---|---|---|---|
| 003 | BLK | ||
| 005 | 20210818150103.0 | ||
| 008 | 180408b bul|||||r ||||||| ||bul|| | ||
| 010 | _aKNG00090422000 | ||
| 020 |
_a978-954-9835-72-4 _bиздат.: Хайни |
||
| 040 | _aBLK | ||
| 041 |
_aBUL _cBUL |
||
| 080 |
_aРуска литература _b821.161.1 _x-31 _z821.161.1-31 |
||
| 100 | 1 |
_aЛиханов, Алберт Анатолиевич _eпърви автор _989207 |
|
| 700 | 1 |
_aКонстантинова, Ганка _eпрев. от рус. _9245442 |
|
| 139 |
_aЛиханов, Алберт Анатолиевич _bЛ 70 |
||
| 245 | 1 | 0 |
_aНикой _bРоман _cАлберт Анатолиевич Лиханов; прев. от рус. Ганка Константинова. |
| 245 | 1 | 0 |
_aСчупената кукла _bРоман _c |
| 257 | _aRUS | ||
| 260 |
_аСофия _bХайни _c2008 |
||
| 300 |
_a352 с. _c21 см |
||
| 380 | _aX | ||
| 500 | _aНа загл. с. Момчето и момичето : Съвр. дилогия ; Без сведение за ориг. загл. | ||
| 852 | _aЦб 244647 | ||
| 856 | 4 |
_qpdf _u |
|
| 856 | 4 |
_qpdf _u |
|
| 942 |
_cKNG _n0 _01 |
||
| 944 |
_aCR _c07.07.2009 _lф / _kГеновева_Генчева |
||
| 944 |
_aED _c26.10.2009 _lф / _k |
||
| 999 |
_c85819 _d85819 |
||